| 000 | 00731nas a2200253 4500 | ||
|---|---|---|---|
| 001 | BR8903541 | ||
| 003 | BR-BrBNA | ||
| 005 | 20231205091631.0 | ||
| 007 | ta | ||
| 008 | 230509b bl.|||p| |||| 00| 00por d | ||
| 040 |
_aBR-BrBNA _bpor _cBiblioteca Nacional de Agricultura |
||
| 041 | _a(Pt) | ||
| 072 | _aF60 | ||
| 100 | 1 | _aBarbosa, L.M. | |
| 100 | 1 | _aCastro, P.R.C. | |
| 100 | 1 | _aSilva Filho, N.L. | |
| 100 | 1 | _aNastri, V.D.F. | |
| 245 | 1 | _aCalibracao de fitometros sob diferentes condicoes de luminosidade | |
| 650 | _aBETERRABA | ||
| 650 | _aILUMINACAO | ||
| 773 | 0 |
_tEcossistema (Brazil) _xISSN 0100-4107 _g(Oct 1988), v. 13 p. 92-100 _wBR8903541 |
|
| 909 |
_a202311 _bLúcia _c55 _dLúcia Elande |
||
| 942 |
_2AGRIS _n0 _cANA |
||
| 999 |
_c126322 _d126322 |
||